000 00283 a2200133 4500
001 194211
040 _cMagnum
100 _aJunqueira, Sonia
240 1 0 _aRegina e o mágico
_lpor
245 1 0 _aRegina e o mágico
362 0 _a2008
697 _aLITERATURA INFANTIL
942 _cBK
999 _c194211
_d194211